000 00660nam a2200217Ii 4500
003 JO-AjNU
008 230605s9999||||xx |||||||||||||| ||und||
017 _a2010
040 _aJO-AjNU
_bara
_erda
_cJO-AjNU
041 _aara
050 1 4 _aHD9560.9.A1.Q3234.2010
100 3 _aالقاضي،حسين,
_eauthor
_929610
245 0 0 _aمحاسبة النفط في ظل العقود السائدة
250 _aط1
264 3 1 _aعمان:دار زهران،2010
300 _a232ص
336 _atext
_btxt
_2rdacontent
337 _aunmediated
_bn
_2rdamedia
338 _avolume
_bnc
_2rdacarrier
650 4 _aمحاسبة-محاسبة النفط
_929611
999 _aA11636
_c15204
_d15204